000 00471nam a2200181Ia 4500
003 GCL
008 140319s9999 xx 000 0 eng d
040 _aGCL /
_cGCL
082 0 4 _a843
_bD R
100 1 _aDUMAS, ALEXANDRE
245 1 0 _aLA REINE MARGOT /
_cDUMAS, ALEXANDRE
260 _a[S.N] :
_bLIBRAIRE GENERALE FRANCAISE ،
_c1994
300 _a671\P
490 _aLE LIVRE DE POCHE
_v0
650 0 4 _aLITERATURE
650 0 4 _aFRENCH LITERATURE
942 _2ddc
_cBK
999 _c22632
_d22632